| 000 | 00452nam a22001457a 4500 | ||
|---|---|---|---|
| 082 |
_a891.55 _bIQB |
||
| 100 | _aIqbal, Allama Muhammad | ||
| 245 |
_aAsrar-E-Khudi / _cAllama Muhammad Iqbal and Translated by Asghar Ijaz |
||
| 260 |
_aRawalpindi : _bAskaria Education System, _cN.A. |
||
| 300 |
_a128 p. ; _c22 cm. |
||
| 563 | _aHBK. | ||
| 650 |
_aUrdu Poetry _aIqbal poetry _9117997 |
||
| 880 |
_6245-02\r _aاسرار خودی |
||
| 942 |
_2ddc _cBK |
||
| 999 |
_c616508 _d616508 |
||